Ānandarāma Baruwā. (Record no. 76721)
[ view plain ]
| 000 -LEADER | |
|---|---|
| fixed length control field | 00585cam a22002171 4500 |
| 001 - CONTROL NUMBER | |
| control field | sa 67007667 |
| 003 - CONTROL NUMBER IDENTIFIER | |
| control field | DLC |
| 005 - DATE AND TIME OF LATEST TRANSACTION | |
| control field | 20260227112417.0 |
| 008 - FIXED-LENGTH DATA ELEMENTS--GENERAL INFORMATION | |
| fixed length control field | 890626s1966 ii cj 000 0 asmo |
| 010 ## - LIBRARY OF CONGRESS CONTROL NUMBER | |
| LC control number | sa 67007667 |
| 035 ## - SYSTEM CONTROL NUMBER | |
| System control number | (OCoLC)19925684 |
| 040 ## - CATALOGING SOURCE | |
| Original cataloging agency | DLC |
| Transcribing agency | WaU |
| Modifying agency | DLC |
| 042 ## - AUTHENTICATION CODE | |
| Authentication code | premarc |
| 050 00 - LIBRARY OF CONGRESS CALL NUMBER | |
| Classification number | PK9.B6 |
| Item number | B5 |
| 100 1# - MAIN ENTRY--PERSONAL NAME | |
| Personal name | Bhuyan, Suryya Kumar. |
| 245 10 - TITLE STATEMENT | |
| Title | Ānandarāma Baruwā. |
| 260 ## - PUBLICATION, DISTRIBUTION, ETC. | |
| Date of publication, distribution, etc. | [1966] |
| 300 ## - PHYSICAL DESCRIPTION | |
| Extent | 19, 163 p. |
| Other physical details | geneal. table, port. |
| Dimensions | 23 cm. |
| 500 ## - GENERAL NOTE | |
| General note | In Assamese; appendices in Assamese, Bengali or English. |
| 600 10 - SUBJECT ADDED ENTRY--PERSONAL NAME | |
| Personal name | Borooah, Anundoram. |
No items available.